María Zambrano: la razón poética o la filosofía

Saved in:
Bibliografiske detaljer
Hovedforfatter: Rocha Barco, Teresa (Author)
Format: Bog
Sprog:spansk
Udgivet: Madrid Tecnos 1997
Serier:Colección Ventana Abierta
Fag:
Tags: Tilføj Tag
Ingen Tags, Vær først til at tagge denne postø!

MARC

LEADER 00000nam a2200000 a 4500
001 UCQ7863
003 CL-VaPUC
008 981121e19970000SP |||||||||||||||||spa|d
082 0 4 |a 121  |b ROC  |2 21 
100 0 |a Rocha Barco, Teresa  |e author  |9 421632 
245 1 0 |a María Zambrano: la razón poética o la filosofía 
300 |a 203 p 
942 |c BK 
945 |d 19981121 00:00:00  |a aarredon 
260 |a Madrid  |b Tecnos  |c 1997 
600 0 |a Zambrano, María   |9 421633 
650 0 |a Filosofía   |9 223554 
650 0 |a Razón   |9 314475 
650 0 |a Poesía   |9 265825 
650 0 |a Hermenéutica  |9 269473 
650 7 |a METAFORA  |2 CL-VaPUC  |9 331834 
583 |a last modification  |c 19981121 00:00:00  |k Rodrigo Vera 
490 0 |a Colección Ventana Abierta 
999 |c 277242  |d 277240 
952 |0 0  |1 0  |4 0  |6 121_000000000000000_ROC_1997  |7 0  |8 A  |9 315108  |a BIBARQ  |b BIBARQ  |d 2019-11-20  |i 3483754  |l 1  |m 1  |o 121 ROC 1997  |p 3483754  |r 2025-01-20  |s 2024-04-18  |w 2019-11-20  |y BK  |k ARQ